Selections from vinoba (Record no. 1454536)

MARC details
000 -LEADER
fixed length control field 00563nam a2200205Ia 4500
005 - DATE AND TIME OF LATEST TRANSACTION
control field 20250923145712.0
008 - FIXED-LENGTH DATA ELEMENTS--GENERAL INFORMATION
fixed length control field 008 250917s9999 xx 000 0 eng d
037 ## - SOURCE OF ACQUISITION
Stock number Textual
040 ## - CATALOGING SOURCE
Original cataloging agency DSWL
Language of cataloging eng
Transcribing agency DSWL
041 ## - LANGUAGE CODE
Language code of text/sound track or separate title eng
Source of code eng
084 ## - COLON CLASSIFICATION NUMBER
Classification number XN51x, N81
Assigning agency DSWL
100 ## - MAIN ENTRY--PERSONAL NAME
Personal name Tandon, V.
9 (RLIN) 838107
245 #0 - TITLE STATEMENT
Title Selections from vinoba
Statement of responsibility, etc. by V.Tandon
260 ## - PUBLICATION, DISTRIBUTION, ETC.
Place of publication, distribution, etc. Varanasi
Name of publisher, distributor, etc. Satva Seva Sangh Prak.
Date of publication, distribution, etc. 1981
300 ## - PHYSICAL DESCRIPTION
Extent xiii,356 p.
365 ## - TRADE PRICE
Price type code INR
Price amount 45.00
925 ## -
-- 45.00
942 ## - ADDED ENTRY ELEMENTS (KOHA)
Koha item type Textual
Classification part XN51x, N81
Holdings
Withdrawn status Lost status Damaged status Not for loan Home library Current library Date acquired Source of acquisition Inventory number Total Checkouts Full call number Barcode Date last seen Price effective from Koha item type
        Department of Social Work Library Department of Social Work Library 2025-09-23 Gandhi Book House New Delhi 110002 228 16/02/1985   XN51x, N81 SW0022210 2025-09-23 2025-09-23 Textual
Copyright @ Delhi University Library System